000 00434nam a2200133Ia 4500
008 100328s9999 xx 000 0 und d
082 _b20736
100 _aनवरे नी.शं.
245 _aमराठी मेघदूत कथा
260 _bअग्रणी संपादक
630 _aमराठी मेघदूत कथा
730 _aमराठी मेघदूत कथा
942 _cBOOK
999 _c514831
_d514828